Military laser technology for defense : (Record no. 189238)

000 -LEADER
fixed length control field 00839 a2200217 4500
003 - CONTROL NUMBER IDENTIFIER
control field Nust
005 - DATE AND TIME OF LATEST TRANSACTION
control field 20221006150254.0
010 ## - LIBRARY OF CONGRESS CONTROL NUMBER
LC control number 2011010940
020 ## - INTERNATIONAL STANDARD BOOK NUMBER
International Standard Book Number 0470255609 (hardback)
020 ## - INTERNATIONAL STANDARD BOOK NUMBER
International Standard Book Number 9780470255605 (hardback)
035 ## - SYSTEM CONTROL NUMBER
System control number (OCoLC)ocn671701597
040 ## - CATALOGING SOURCE
Transcribing agency Nust
082 00 - DEWEY DECIMAL CLASSIFICATION NUMBER
Classification number 623.446,ALA
100 1# - MAIN ENTRY--PERSONAL NAME
Personal name McAulay, Alastair D.
9 (RLIN) 99345
245 10 - TITLE STATEMENT
Title Military laser technology for defense :
Remainder of title technology for revolutionizing 21st century warfare /
Statement of responsibility, etc. Alastair D. McAulay.
260 ## - PUBLICATION, DISTRIBUTION, ETC.
Place of publication, distribution, etc. Hoboken, N.J. :
Name of publisher, distributor, etc. Wiley,
Date of publication, distribution, etc. c2011.
300 ## - PHYSICAL DESCRIPTION
Extent xvii, 305 p. :
Other physical details ill. ;
Dimensions 25 cm.
505 ## - FORMATTED CONTENTS NOTE
Formatted contents note Part 1: Optics Technology For Defense Systems (Page-1), Part 2: Laser Technology for Defense Systems (Page-125), Part 3: Applications to Protect Against Military Threats (Page-205).
650 #0 - SUBJECT ADDED ENTRY--TOPICAL TERM
Topical term or geographic name entry element Telecommunication Engineering
942 ## - ADDED ENTRY ELEMENTS (KOHA)
Koha item type Reference
Source of classification or shelving scheme
Holdings
Withdrawn status Lost status Source of classification or shelving scheme Damaged status Not for loan Permanent Location Current Location Shelving location Date acquired Full call number Barcode Date last seen Price effective from Koha item type Public note
          Military College of Signals (MCS) Military College of Signals (MCS) Reference 12/12/2016 623.466, ALA MCS35002 12/08/2016 12/12/2016 Reference Almirah No.24, Shelf No.1
© 2023 Central Library, National University of Sciences and Technology. All Rights Reserved.